000 007190000a22001810004500
003 MACL
005 20160501163944.0
008 160501b xxu||||| |||| 00| 0 eng d
040 _aMACL
_cMACL
041 _aHindi
082 _a800 TAL
100 _aतलवार, वीर भारत
_954856
245 _aराष्‍ट्रीय नवजागरण और साहित्‍य
_bकुछ प्रसंग : कुछ प्रवृत्तियॉ
_cवीर भारत तलवार
260 _bहिमाचल पुस्‍तक भण्‍डार
_c1993
_aनई दिल्‍ली
350 _a100
650 _aLiterature
_954857
942 _cHIN
_k800/TAL/L
_2ddc
999 _c20081
_d20081